000 00862nam a22002417a 4500
999 _c162091
_d162091
005 20190816122606.0
010 _a1819CHEN B-719322-342
020 _c499.00
_a9780241316191
035 _aB-719322-342
035 _aB-728609
037 _bBlueberry
_adpl
082 _a507.8
245 _aLet's make great projects /
_cedited by Sally Beets [and] James Mitchem
260 _bDorling Kindersley
_aLondon
_c2018
270 _bLondon
_a80 Strand
_eWC2R 0RL
300 _a79p.:
_c26cm(Hb)
_bcol.ill.
500 _aAirport
700 _aBeets, Sally
700 _aMitchem,James
942 _2ddc
_cCH
_mLET
_h507.8